<?xml version="1.0" encoding="UTF-8"?>
<record
    xmlns:xsi="http://www.w3.org/2001/XMLSchema-instance"
    xsi:schemaLocation="http://www.loc.gov/MARC21/slim http://www.loc.gov/standards/marcxml/schema/MARC21slim.xsd"
    xmlns="http://www.loc.gov/MARC21/slim">

  <leader>00903nam a22001697a 4500</leader>
  <controlfield tag="008">121008t        xxu||||| |||| 00| 0 eng d</controlfield>
  <datafield tag="020" ind1=" " ind2=" ">
    <subfield code="a">9780419756</subfield>
  </datafield>
  <datafield tag="050" ind1=" " ind2=" ">
    <subfield code="a">HF5547.5.E22</subfield>
  </datafield>
  <datafield tag="100" ind1=" " ind2=" ">
    <subfield code="a">Elendu, Elendu O.</subfield>
  </datafield>
  <datafield tag="245" ind1=" " ind2=" ">
    <subfield code="a">Office practice for colleges. /</subfield>
    <subfield code="c">Elendu O. Elendu</subfield>
  </datafield>
  <datafield tag="250" ind1=" " ind2=" ">
    <subfield code="a">3rd ed.</subfield>
  </datafield>
  <datafield tag="260" ind1=" " ind2=" ">
    <subfield code="a">Nigeria:</subfield>
    <subfield code="b">Mac-Elendu &amp; Co,</subfield>
    <subfield code="c">2000.</subfield>
  </datafield>
  <datafield tag="300" ind1=" " ind2=" ">
    <subfield code="a">248 p.:</subfield>
    <subfield code="b">ill.;</subfield>
    <subfield code="c">20cm.</subfield>
  </datafield>
  <datafield tag="505" ind1=" " ind2=" ">
    <subfield code="a">Contents: The Office -- Office personnel -- Files and filing -- Files, types and filing procedures -- File classification, systems, grades -- The Registry -- Records design and management -- Correspondence -- Visual aids: Charts and graphs -- Office mechines and equipment -- Office acronyms, abbreviation and slips -- Business terms, documents and books -- Post office and NITEL services -- Communication -- Methods of payment -- Sources of information.</subfield>
  </datafield>
  <datafield tag="650" ind1=" " ind2=" ">
    <subfield code="a">Office Management</subfield>
  </datafield>
  <datafield tag="942" ind1=" " ind2=" ">
    <subfield code="2">lcc</subfield>
    <subfield code="c">BK</subfield>
  </datafield>
  <datafield tag="999" ind1=" " ind2=" ">
    <subfield code="c">2407</subfield>
    <subfield code="d">9907</subfield>
  </datafield>
  <datafield tag="952" ind1=" " ind2=" ">
    <subfield code="0">0</subfield>
    <subfield code="1">0</subfield>
    <subfield code="2">lcc</subfield>
    <subfield code="4">0</subfield>
    <subfield code="7">0</subfield>
    <subfield code="a">WIUC-1</subfield>
    <subfield code="b">WIUC-1</subfield>
    <subfield code="c">REF</subfield>
    <subfield code="d">2012-10-08</subfield>
    <subfield code="l">0</subfield>
    <subfield code="o">HF5547.5.E21</subfield>
    <subfield code="p">6339/12</subfield>
    <subfield code="r">2012-10-08 00:00:00</subfield>
    <subfield code="t">1</subfield>
    <subfield code="w">2012-10-08</subfield>
    <subfield code="y">BK</subfield>
  </datafield>
  <datafield tag="952" ind1=" " ind2=" ">
    <subfield code="0">0</subfield>
    <subfield code="1">0</subfield>
    <subfield code="2">lcc</subfield>
    <subfield code="4">0</subfield>
    <subfield code="7">0</subfield>
    <subfield code="a">WIUC-1</subfield>
    <subfield code="b">WIUC-1</subfield>
    <subfield code="c">REF</subfield>
    <subfield code="d">2012-10-08</subfield>
    <subfield code="l">0</subfield>
    <subfield code="o">HF5547.5.E22</subfield>
    <subfield code="p">6340/12</subfield>
    <subfield code="r">2012-10-08 00:00:00</subfield>
    <subfield code="t">2</subfield>
    <subfield code="w">2012-10-08</subfield>
    <subfield code="y">BK</subfield>
  </datafield>
  <datafield tag="952" ind1=" " ind2=" ">
    <subfield code="0">0</subfield>
    <subfield code="1">0</subfield>
    <subfield code="2">lcc</subfield>
    <subfield code="4">0</subfield>
    <subfield code="7">0</subfield>
    <subfield code="a">WIUC-1</subfield>
    <subfield code="b">WIUC-1</subfield>
    <subfield code="c">REF</subfield>
    <subfield code="d">2012-10-08</subfield>
    <subfield code="l">0</subfield>
    <subfield code="o">HF5547.5.E23</subfield>
    <subfield code="p">6341/12</subfield>
    <subfield code="r">2012-10-08 00:00:00</subfield>
    <subfield code="t">3</subfield>
    <subfield code="w">2012-10-08</subfield>
    <subfield code="y">BK</subfield>
  </datafield>
  <datafield tag="952" ind1=" " ind2=" ">
    <subfield code="0">0</subfield>
    <subfield code="1">0</subfield>
    <subfield code="2">lcc</subfield>
    <subfield code="4">0</subfield>
    <subfield code="7">0</subfield>
    <subfield code="a">WIUC-1</subfield>
    <subfield code="b">WIUC-1</subfield>
    <subfield code="c">REF</subfield>
    <subfield code="d">2012-10-08</subfield>
    <subfield code="l">0</subfield>
    <subfield code="o">HF5547.5.E24</subfield>
    <subfield code="p">6342/12</subfield>
    <subfield code="r">2012-10-08 00:00:00</subfield>
    <subfield code="t">4</subfield>
    <subfield code="w">2012-10-08</subfield>
    <subfield code="y">BK</subfield>
  </datafield>
  <datafield tag="952" ind1=" " ind2=" ">
    <subfield code="0">0</subfield>
    <subfield code="1">0</subfield>
    <subfield code="2">lcc</subfield>
    <subfield code="4">0</subfield>
    <subfield code="7">0</subfield>
    <subfield code="a">WIUC-1</subfield>
    <subfield code="b">WIUC-1</subfield>
    <subfield code="c">REF</subfield>
    <subfield code="d">2012-10-08</subfield>
    <subfield code="l">0</subfield>
    <subfield code="o">HF5547.5.E25</subfield>
    <subfield code="p">6343/12</subfield>
    <subfield code="r">2012-10-08 00:00:00</subfield>
    <subfield code="t">5</subfield>
    <subfield code="w">2012-10-08</subfield>
    <subfield code="y">BK</subfield>
  </datafield>
  <datafield tag="952" ind1=" " ind2=" ">
    <subfield code="0">0</subfield>
    <subfield code="1">0</subfield>
    <subfield code="2">lcc</subfield>
    <subfield code="4">0</subfield>
    <subfield code="7">0</subfield>
    <subfield code="a">WIUC-1</subfield>
    <subfield code="b">WIUC-1</subfield>
    <subfield code="c">REF</subfield>
    <subfield code="d">2012-10-08</subfield>
    <subfield code="l">0</subfield>
    <subfield code="o">HF5547.5.E26</subfield>
    <subfield code="p">6344/12</subfield>
    <subfield code="r">2012-10-08 00:00:00</subfield>
    <subfield code="t">6</subfield>
    <subfield code="w">2012-10-08</subfield>
    <subfield code="y">BK</subfield>
  </datafield>
</record>
